| 000 | 01114cam a2200349 a 4500 | ||
|---|---|---|---|
| 001 | 204134 | ||
| 003 | OSt | ||
| 005 | 20151028104336.0 | ||
| 008 | 990524s1999 gw a b 000 0ceng | ||
| 010 | _a 99063854 | ||
| 020 | _a3791332759 | ||
| 040 |
_aDLC _cDLC |
||
| 043 | _an-mx--- | ||
| 050 | 0 | 0 |
_aND 259 _b.Al347 2005 |
| 082 |
_aIB 759.972 _bAl1 2005 |
||
| 100 | 1 | _aAlcántara, Isabel. | |
| 245 | 1 | 0 |
_aFrida kahlo and diego rivera / _cIsabel Alcantara and Sandra Egnolff |
| 260 |
_aNew York: _bPrestel Verlag _cc2005 |
||
| 300 |
_a118 p. _bill.; _c27 cm. |
||
| 440 | 0 | _aPegasus library | |
| 504 | _aIncludes bibliographical references (p. 118). | ||
| 562 | _e1 | ||
| 600 | 1 | 0 | _aKahlo, Frida. |
| 600 | 1 | 0 |
_aRivera, Diego, _d1886-1957. |
| 650 | 0 |
_aPainters _zMexico _vBiography. |
|
| 650 | 0 |
_aArtist couples _zMexico _vBiography. |
|
| 700 | 1 | _aEgnolff, Sandra. | |
| 906 |
_a7 _bcbc _corignew _d2 _eopcn _f19 _gy-gencatlg |
||
| 942 |
_2lcc _cBK |
||
| 999 |
_c2224 _d2224 |
||